[Event "Titled Tuesday intern op 24th Oct Late"]
[Site "Chess.com INT"]
[Date "2023.10.24"]
[Round "8"]
[White "Dong, Bao Nghia"]
[Black "Indjic, Aleksandar"]
[Result "0-1"]
[WhiteElo "2324"]
[BlackElo "2610"]
[PlyCount "134"]
[EventDate "2023.10.24"]
[EventType "swiss (blitz)"]
[EventRounds "11"]
[EventCountry "USA"]
[SourceTitle "Mega2024 Update 01"]
[Source "Chessbase"]
[SourceDate "2023.11.12"]
[SourceVersion "1"]
[SourceVersionDate "2023.11.12"]
[SourceQuality "1"]

1. d4 Nf6 2. Bf4 e6 3. e3 c5 4. c3 Nc6 5. Nd2 d5 6. Ngf3 Nh5 7. Bg3 Nxg3 8. hxg3 Qb6 9. Qb3 g6 10. Bb5 Bg7 11. 0-0 0-0 12. Bxc6 Qxc6 13. Ne5 Qc7 14. Ndf3 f6 15. Ng4 c4 16. Qc2 e5 17. Ngh2 e4 18. Nd2 f5 19. b3 Be6 20. bxc4 dxc4 21. Rfb1 Bd5 22. a4 h5 23. Rb5 Qd7 24. Nhf1 Rac8 25. Rab1 Rc7 26. a5 g5 27. Qd1 Qf7 28. Rxd5 Qxd5 29. Qxh5 g4 30. Rb4 Rfc8 31. Nh2 Qf7 32. Qg5 Rc6 33. Rb5 Rf8 34. Nhf1 a6 35. Rb4 Kh7 36. d5 Rh6 37. Rxc4 Be5 38. Rxe4 Rg8 39. Qxh6+ Kxh6 40. Rxe5 Kg7 41. e4 fxe4 42. Ne3 Re8 43. Rf5 Qc7 44. Ndc4 Qd7 45. Rf4 Qa4 46. Rxg4+ Kf8 47. Rf4+ Ke7 48. Rxe4+ Kd8 49. Rd4 Qa1+ 50. Rd1 Qxc3 51. d6 Re4 52. Nb6 Qxa5 53. Nbd5 Qc5 54. Nf4 Rxe3 55. fxe3 Qxe3+ 56. Kh2 Kd7 57. Rd3 Qe5 58. Rd5 Qh8+ 59. Rh5 Qg7 60. Rd5 b5 61. g4 Qh6+ 62. Kg3 b4 63. g5 Qg7 64. Nh5 Qc3+ 65. Kf4 Qc4+ 66. Ke5 Qe2+ 67. Kd4 Qxh5 0-1

[Event "Titled Tuesday intern op 19th Sep Late"]
[Site "Chess.com INT"]
[Date "2023.09.19"]
[Round "3"]
[White "Kamsky, Gata"]
[Black "Dong, Bao Nghia"]
[Result "1-0"]
[WhiteElo "2641"]
[BlackElo "2324"]
[PlyCount "57"]
[EventDate "2023.09.19"]
[EventType "swiss (blitz)"]
[EventRounds "11"]
[EventCountry "USA"]
[SourceTitle "EXT 2024"]
[Source "ChessBase"]
[SourceDate "2023.10.10"]
[SourceVersion "1"]
[SourceVersionDate "2023.10.10"]
[SourceQuality "1"]

1. e4 e6 2. d4 d5 3. Nc3 Bb4 4. e5 c5 5. a3 Bxc3+ 6. bxc3 Ne7 7. Qg4 Qc7 8. Bd3 Nbc6 9. Nf3 c4 10. Be2 Nf5 11. 0-0 0-0 12. Re1 Nce7 13. h4 f6 14. h5 Rf7 15. exf6 Rxf6 16. Bg5 Rf7 17. Bf4 Qd8 18. Ne5 Rf6 19. Bg5 Rf8 20. h6 g6 21. Qh3 Qe8 22. Bg4 a5 23. Rab1 b5 24. Qh2 Ra6 25. Nf3 Rb6 26. Qc7 Qd8 27. Qxd8 Rxd8 28. Bxf5 gxf5 29. Bxe7 1-0

[Event "BCF-chT 2223 (4NCL)"]
[Site "England"]
[Date "2023.05.01"]
[Round "11.2"]
[White "Csonka, Balazs"]
[Black "Dong, Bao Nghia"]
[Result "1/2-1/2"]
[WhiteElo "2495"]
[BlackElo "2355"]
[PlyCount "45"]
[EventDate "2022.10.22"]
[EventType "team-swiss"]
[EventRounds "11"]
[EventCountry "ENG"]
[SourceTitle "EXT 2024"]
[Source "ChessBase"]
[SourceDate "2023.10.10"]
[SourceVersion "1"]
[SourceVersionDate "2023.10.10"]
[SourceQuality "1"]
[WhiteTeam "Chess.com Manx Liberty"]
[BlackTeam "The Sharks"]
[WhiteTeamCountry "ENG"]
[BlackTeamCountry "ENG"]

1. Nf3 d5 2. d4 c6 3. c4 Nf6 4. Nc3 dxc4 5. a4 Bf5 6. Ne5 Na6 7. e3 Nb4 8. Bxc4 e6 9. 0-0 Bd6 10. Qe2 Bxe5 11. dxe5 Ne4 12. Nxe4 Bxe4 13. Qg4 Bg6 14. Bxe6 Nc2 15. Rd1 Qxd1+ 16. Qxd1 Rd8 17. Bxf7+ Kxf7 18. Qf3+ Ke8 19. Ra2 Rf8 20. Qe2 Bd3 21. Qg4 Bf5 22. Qe2 Bd3 23. Qg4 1/2-1/2

[Event "Titled Tuesday intern op 07th Feb Early"]
[Site "Chess.com INT"]
[Date "2023.02.07"]
[Round "3"]
[White "Sherman, Reem"]
[Black "Dong, Bao Nghia"]
[Result "1/2-1/2"]
[WhiteElo "2151"]
[BlackElo "2361"]
[PlyCount "186"]
[EventDate "2023.02.07"]
[EventType "swiss (blitz)"]
[EventRounds "11"]
[EventCountry "USA"]
[SourceTitle "EXT 2024"]
[Source "ChessBase"]
[SourceDate "2023.10.10"]
[SourceVersion "1"]
[SourceVersionDate "2023.10.10"]
[SourceQuality "1"]

1. e4 e6 2. d4 d5 3. Bd3 Nc6 4. c3 e5 5. Ne2 exd4 6. cxd4 dxe4 7. Bxe4 Nf6 8. Bf3 Bg4 9. Bxg4 Nxg4 10. h3 Nf6 11. 0-0 Be7 12. Nbc3 0-0 13. Bf4 Nb4 14. Bg3 c6 15. Nf4 Nbd5 16. Nd3 Re8 17. Ne5 Bb4 18. Qd3 Bxc3 19. bxc3 Rc8 20. Rab1 Nb6 21. c4 c5 22. d5 Nh5 23. Bh2 Qf6 24. Ng4 Qd4 25. Qf5 g6 26. Qf3 f5 27. Nh6+ Kg7 28. Nxf5+ gxf5 29. Qxh5 Qxc4 30. Qg5+ Kh8 31. Qf6+ Kg8 32. Be5 Rxe5 33. Qxe5 Qxd5 34. Qxd5+ Nxd5 35. Rxb7 c4 36. Rc1 c3 37. Rb5 Nf4 38. Rc2 Ne2+ 39. Rxe2 c2 40. Rxc2 Rxc2 41. Rb8+ Kf7 42. Rb7+ Kg6 43. Rxa7 Kg5 44. f3 Kf4 45. Rxh7 Rxa2 46. Kh2 Ke3 47. Rb7 Kf2 48. h4 f4 49. Rb1 Rc2 50. Kh3 Ke3 51. Rb3+ Kd4 52. Rb4+ Ke5 53. Rb5+ Kf6 54. Rg5 Ra2 55. Rg4 Kf5 56. h5 Ra1 57. Kh2 Ra6 58. Rh4 Kg5 59. g3 fxg3+ 60. Kxg3 Kh6 61. Rh3 Ra4 62. Rh1 Ra3 63. Kg4 Ra8 64. f4 Rg8+ 65. Kh4 Rg2 66. Rb1 Rh2+ 67. Kg4 Rg2+ 68. Kf3 Ra2 69. Rb5 Rh2 70. Rg5 Ra2 71. Ke4 Ra4+ 72. Kf5 Ra5+ 73. Kg4 Ra6 74. Rg8 Kh7 75. Rb8 Kh6 76. Rb5 Rc6 77. Re5 Ra6 78. Re8 Rb6 79. Rh8+ Kg7 80. Rc8 Kh6 81. Rc5 Ra6 82. Rg5 Rb6 83. Re5 Ra6 84. Kf3 Ra3+ 85. Ke4 Ra4+ 86. Kf5 Kxh5 87. Kf6+ Kh6 88. f5 Ra8 89. Re7 Ra6+ 90. Kf7 Kg5 91. Re5 Rf6+ 92. Kg7 Rxf5 93. Rxf5+ Kxf5 1/2-1/2

[Event "Titled Tuesday intern op 20th Dec Early"]
[Site "Chess.com INT"]
[Date "2022.12.20"]
[Round "6"]
[White "Costachi, Mihnea"]
[Black "Dong, Bao Nghia"]
[Result "1-0"]
[WhiteElo "2476"]
[BlackElo "2359"]
[PlyCount "89"]
[EventDate "2022.12.20"]
[EventType "swiss (blitz)"]
[EventRounds "11"]
[EventCountry "USA"]
[SourceTitle "EXT 2024"]
[Source "ChessBase"]
[SourceDate "2023.10.10"]
[SourceVersion "1"]
[SourceVersionDate "2023.10.10"]
[SourceQuality "1"]

1. Nf3 e6 2. g3 d5 3. Bg2 g6 4. 0-0 Bg7 5. d3 Ne7 6. e4 0-0 7. Qe2 Nbc6 8. e5 a5 9. d4 b6 10. Re1 Ba6 11. Qd1 Nb8 12. Bg5 h6 13. Bf4 c5 14. Qd2 Kh7 15. c3 Nbc6 16. h4 a4 17. Na3 Na5 18. g4 Nec6 19. Bf1 Bxf1 20. Rxf1 f5 21. g5 h5 22. Qe2 Rf7 23. Qb5 Qc8 24. dxc5 bxc5 25. Qxc5 Bf8 26. Qe3 Bxa3 27. bxa3 Nc4 28. Qd3 Rb7 29. Nd2 Nxd2 30. Qxd2 Na5 31. Rab1 Rab8 32. Rb4 Nc4 33. Qd3 Nxa3 34. Rxa4 Nc4 35. Ra6 Rc7 36. Rd6 Nxd6 37. exd6 Rd7 38. Re1 Rb6 39. Rxe6 Qc4 40. Qe3 Rb1+ 41. Kh2 Qf1 42. Re7+ Rxe7 43. Qxe7+ Kg8 44. Qe8+ Kh7 45. Qf7+ 1-0

[Event "Titled Tuesday intern op 20th Dec Late"]
[Site "Chess.com INT"]
[Date "2022.12.20"]
[Round "8"]
[White "Dong, Bao Nghia"]
[Black "Toncheva, Nadya"]
[Result "1-0"]
[WhiteElo "2359"]
[BlackElo "2195"]
[PlyCount "140"]
[EventDate "2022.12.20"]
[EventType "swiss (blitz)"]
[EventRounds "11"]
[EventCountry "USA"]
[SourceTitle "EXT 2024"]
[Source "ChessBase"]
[SourceDate "2023.10.10"]
[SourceVersion "1"]
[SourceVersionDate "2023.10.10"]
[SourceQuality "1"]

1. d4 d5 2. c4 dxc4 3. Nc3 a6 4. e3 b5 5. a4 b4 6. Na2 e5 7. Bxc4 Bb7 8. Nf3 exd4 9. exd4 Nf6 10. 0-0 Be7 11. Qb3 0-0 12. Ne5 Bd5 13. Nxb4 Bxc4 14. Qxc4 Qd6 15. Nc2 Nbd7 16. Bf4 Qb6 17. a5 Qb7 18. b4 Nxe5 19. Bxe5 Nd5 20. Rab1 Bd6 21. b5 Bxe5 22. dxe5 Rfd8 23. Nd4 axb5 24. Rxb5 Qa6 25. Rc1 Nf4 26. Nc6 Rd5 27. Ne7+ Kf8 28. Nxd5 Nxd5 29. Qxd5 Qh6 30. h3 Qxc1+ 31. Kh2 Qf4+ 32. Kh1 Qc1+ 33. Kh2 Qf4+ 34. g3 Qxf2+ 35. Qg2 Qxg2+ 36. Kxg2 Ke7 37. Kf3 Ra6 38. Ke4 Ke6 39. g4 f6 40. exf6 Kxf6 41. Rf5+ Ke6 42. Kd4 g6 43. Rb5 Kd6 44. Kc4 c6 45. Rc5 Ra8 46. h4 Rf8 47. Kb4 Rf4+ 48. Rc4 Rf8 49. a6 Ra8 50. Ka5 Kc7 51. Rf4 h5 52. gxh5 gxh5 53. Rf5 Rd8 54. Rxh5 Kb8 55. Kb6 c5 56. Rxc5 Rd6+ 57. Rc6 Rd8 58. h5 Ka8 59. h6 Rb8+ 60. Kc5 Rh8 61. Kd5 Ka7 62. Ke5 Re8+ 63. Re6 Rh8 64. Kf5 Rh7 65. Kg6 Rh8 66. h7 Rc8 67. Kg7 Rc7+ 68. Kg8 Rc8+ 69. Kf7 Rh8 70. Kg7 Rc8 1-0

[Event "Titled Tuesday intern op 20th Dec Early"]
[Site "Chess.com INT"]
[Date "2022.12.20"]
[Round "2"]
[White "Dong, Bao Nghia"]
[Black "Tsyhanchuk, Stanislav"]
[Result "1-0"]
[WhiteElo "2359"]
[BlackElo "2273"]
[PlyCount "117"]
[EventDate "2022.12.20"]
[EventType "swiss (blitz)"]
[EventRounds "11"]
[EventCountry "USA"]
[SourceTitle "EXT 2024"]
[Source "ChessBase"]
[SourceDate "2023.10.10"]
[SourceVersion "1"]
[SourceVersionDate "2023.10.10"]
[SourceQuality "1"]

1. d4 d5 2. c4 c6 3. Nc3 Nf6 4. Nf3 dxc4 5. e3 b5 6. a4 b4 7. Na2 a5 8. Bxc4 Ba6 9. Qe2 e6 10. 0-0 Bd6 11. Bd2 0-0 12. Nc1 Ne4 13. Nb3 Qb6 14. Rfd1 Bxc4 15. Qxc4 Nd7 16. Rac1 Rfc8 17. Be1 Ndf6 18. Nc5 Qc7 19. Qc2 Bxc5 20. dxc5 Rd8 21. Rd4 Rd5 22. Rxe4 Nxe4 23. Qxe4 Rad8 24. Nd4 g6 25. f4 e5 26. fxe5 Rxe5 27. Qf4 Rde8 28. Bg3 Qd7 29. Qxe5 Rxe5 30. Bxe5 Qd5 31. Bd6 f5 32. b3 g5 33. g3 Qe4 34. Kf2 h5 35. Rc4 h4 36. gxh4 f4 37. exf4 gxf4 38. Nc2 Qd3 39. Bxf4 Qxb3 40. Ne3 Qxa4 41. Be5 Qa2+ 42. Rc2 Qb1 43. Kf3 Qb3 44. h5 Qf7+ 45. Ke4 Qxh5 46. Rg2+ Kf7 47. Nf5 b3 48. h4 Qd1 49. Rg7+ Ke6 50. Nd4+ Qxd4+ 51. Bxd4 a4 52. Ra7 a3 53. Rxa3 b2 54. Bxb2 Kf7 55. Kf5 Kg8 56. Kg6 Kf8 57. Ra7 Ke8 58. Bf6 Kf8 59. Ra8# 1-0

[Event "Titled Tuesday intern op 20th Dec Early"]
[Site "Chess.com INT"]
[Date "2022.12.20"]
[Round "8"]
[White "Rustemov, Alexander"]
[Black "Dong, Bao Nghia"]
[Result "1-0"]
[WhiteElo "2525"]
[BlackElo "2359"]
[PlyCount "105"]
[EventDate "2022.12.20"]
[EventType "swiss (blitz)"]
[EventRounds "11"]
[EventCountry "USA"]
[SourceTitle "EXT 2024"]
[Source "ChessBase"]
[SourceDate "2023.10.10"]
[SourceVersion "1"]
[SourceVersionDate "2023.10.10"]
[SourceQuality "1"]

1. d4 Nf6 2. c4 g6 3. Nf3 Bg7 4. g3 d6 5. Bg2 0-0 6. Nc3 c6 7. 0-0 a6 8. e4 Nfd7 9. a4 e5 10. Be3 a5 11. d5 cxd5 12. Nxd5 Na6 13. Qc2 Ndc5 14. Rfd1 Be6 15. b3 Bxd5 16. cxd5 Rc8 17. Qb1 h6 18. Nd2 f5 19. f3 f4 20. Bf2 g5 21. Bh3 Rc7 22. Bf5 Nb4 23. Nc4 Rcf7 24. g4 b6 25. Kg2 h5 26. h3 h4 27. Be6 Kh7 28. Bxf7 Rxf7 29. Be1 Bf8 30. Bxb4 axb4 31. a5 bxa5 32. Nxa5 Qb6 33. Nc6 Qb5 34. Qc2 Bg7 35. Ra5 Qb6 36. Rda1 Rc7 37. Ra7 Rxa7 38. Rxa7 Kg6 39. Qc4 Bf6 40. Qxb4 Qxb4 41. Nxb4 Nxb3 42. Ra6 Be7 43. Nc6 Bf8 44. Ra8 Kf7 45. Ra7+ Kg6 46. Nd8 Nc5 47. Ne6 Nxe6 48. dxe6 Bg7 49. Rf7 Bf6 50. Kf2 Bd8 51. Ke2 Bb6 52. Kd3 Bc5 53. Kc4 1-0

[Event "Titled Tuesday intern op 20th Dec Early"]
[Site "Chess.com INT"]
[Date "2022.12.20"]
[Round "3"]
[White "Shankland, Samuel L"]
[Black "Dong, Bao Nghia"]
[Result "1-0"]
[WhiteElo "2710"]
[BlackElo "2359"]
[PlyCount "73"]
[EventDate "2022.12.20"]
[EventType "swiss (blitz)"]
[EventRounds "11"]
[EventCountry "USA"]
[SourceTitle "EXT 2024"]
[Source "ChessBase"]
[SourceDate "2023.10.10"]
[SourceVersion "1"]
[SourceVersionDate "2023.10.10"]
[SourceQuality "1"]

1. d4 Nf6 2. c4 d6 3. Nf3 g6 4. Nc3 Bg7 5. e4 0-0 6. Be2 Nbd7 7. 0-0 e5 8. Be3 Ng4 9. Bg5 f6 10. Bc1 f5 11. exf5 gxf5 12. dxe5 Ngxe5 13. Be3 Kh8 14. Qd2 Nf6 15. Rad1 Be6 16. b3 Qe8 17. Rfe1 Qg6 18. Bf4 Ne4 19. Nxe4 fxe4 20. Nxe5 dxe5 21. Bg3 Rf5 22. Qe3 Rg5 23. Bf1 Bf5 24. Qc5 Bg4 25. Rd2 Qb6 26. Qxb6 axb6 27. Rxe4 h5 28. f3 Bf5 29. Re3 Re8 30. Bd3 Bxd3 31. Rdxd3 Bh6 32. Re4 Kh7 33. Kf2 Rf5 34. Rd7+ Kg6 35. a4 Bg5 36. Ke2 h4 37. Bxh4 1-0

[Event "Titled Tuesday intern op 13th Dec Early"]
[Site "Chess.com INT"]
[Date "2022.12.13"]
[Round "1"]
[White "Begunov, Konstantin"]
[Black "Dong, Bao Nghia"]
[Result "1-0"]
[WhiteElo "2276"]
[BlackElo "2359"]
[PlyCount "115"]
[EventDate "2022.12.13"]
[EventType "swiss (blitz)"]
[EventRounds "11"]
[EventCountry "USA"]
[SourceTitle "EXT 2024"]
[Source "ChessBase"]
[SourceDate "2023.10.10"]
[SourceVersion "1"]
[SourceVersionDate "2023.10.10"]
[SourceQuality "1"]

1. d4 Nf6 2. c4 d6 3. Nc3 g6 4. e4 Bg7 5. f3 0-0 6. Be3 e5 7. Nge2 Nc6 8. Qd2 exd4 9. Nxd4 Nxd4 10. Bxd4 a6 11. Be2 b6 12. 0-0 Bb7 13. Rac1 Re8 14. Rc2 Qe7 15. Rfc1 c5 16. Bf2 Rad8 17. Bf1 h5 18. Re1 Kh7 19. Bh4 Qe5 20. Kh1 Bh6 21. Qf2 g5 22. Bg3 Qe6 23. Qe2 h4 24. Bf2 Nh5 25. Nd5 Bxd5 26. exd5 Qg6 27. Qd3 Rxe1 28. Qxg6+ Kxg6 29. Bxe1 Re8 30. Bd3+ f5 31. Re2 Rxe2 32. Bxe2 Nf4 33. Bf1 Bg7 34. b3 Bd4 35. b4 Kf6 36. a4 cxb4 37. Bxb4 Ke5 38. g3 hxg3 39. hxg3 Nh5 40. Kg2 f4 41. g4 Nf6 42. Bd3 a5 43. Ba3 Bc3 44. Kf1 Nd7 45. Ke2 Nb8 46. Bh7 Na6 47. Kd3 Ba1 48. Bg6 Nc7 49. Bc1 Na6 50. Ba3 Nb8 51. Be8 Bd4 52. Bxd6+ Kxd6 53. Kxd4 Na6 54. Ke4 Ke7 55. Bb5 Nc5+ 56. Kf5 Nd3 57. Kxg5 Kd6 58. Kf5 1-0

[Event "Titled Tuesday intern op 13th Dec Early"]
[Site "Chess.com INT"]
[Date "2022.12.13"]
[Round "2"]
[White "Dong, Bao Nghia"]
[Black "Tarasova, Viktoriya"]
[Result "1-0"]
[WhiteElo "2359"]
[BlackElo "2226"]
[PlyCount "89"]
[EventDate "2022.12.13"]
[EventType "swiss (blitz)"]
[EventRounds "11"]
[EventCountry "USA"]
[SourceTitle "EXT 2024"]
[Source "ChessBase"]
[SourceDate "2023.10.10"]
[SourceVersion "1"]
[SourceVersionDate "2023.10.10"]
[SourceQuality "1"]

1. d4 Nf6 2. c4 e6 3. Nc3 Bb4 4. Qb3 Bxc3+ 5. Qxc3 b6 6. f3 d5 7. Bg5 0-0 8. e3 Bb7 9. Rc1 c6 10. Bd3 Nbd7 11. Ne2 h6 12. Bh4 Rc8 13. 0-0 c5 14. Qa3 a5 15. cxd5 exd5 16. Bf5 g5 17. Bg3 Qe7 18. Rfe1 Ba6 19. Nc3 Rc6 20. e4 dxe4 21. Nxe4 Qd8 22. Rcd1 Nxe4 23. Bxe4 Re6 24. dxc5 bxc5 25. Bd6 Rfe8 26. Bxc5 Qc7 27. Bf2 Nf6 28. Bf5 Rxe1+ 29. Bxe1 Re2 30. Qxa5 Qa7+ 31. Kh1 Qe3 32. Bc3 Qf2 33. Qd8+ Ne8 34. Rg1 Bb7 35. Be4 Bxe4 36. Qxe8+ Kh7 37. fxe4 Kg6 38. Qg8+ Kh5 39. Qc8 Qf4 40. Qh3+ Kg6 41. Qf5+ Qxf5 42. exf5+ Kxf5 43. Rf1+ Kg6 44. Rf6+ Kh5 45. h3 1-0